Postavenie Súdneho dvora v procese dotvárania práva Európskych spoločenstiev/Európskej únie
Výklad postavenia Súdneho dvora v dotváraní práva Európskych spoločenstiev/Európskej únie. Analýza jednotlivých výsledkov činnosti Súdneho dvora od rozsudkov, cez prejudiciálne otázky až po stanoviská a ich význam a postavenie v uvedenom procese dotvárania práva.
Gespeichert in:
| 1. Verfasser: | |
|---|---|
| Format: | Buchkapitel |
| Sprache: | Slowakisch |
| Schlagworte: | |
| Tags: |
Keine Tags, Fügen Sie das erste Tag hinzu!
|
MARC
| LEADER | 00000naa$a2200000$$$4500 | ||
|---|---|---|---|
| 001 | 0094138 | ||
| 005 | 20231102092450.9 | ||
| 041 | 0 | |a slo | |
| 044 | |a SK | ||
| 245 | 1 | 0 | |a Postavenie Súdneho dvora v procese dotvárania práva Európskych spoločenstiev/Európskej únie |c Jana Ďurechová |
| 520 | |a Výklad postavenia Súdneho dvora v dotváraní práva Európskych spoločenstiev/Európskej únie. Analýza jednotlivých výsledkov činnosti Súdneho dvora od rozsudkov, cez prejudiciálne otázky až po stanoviská a ich význam a postavenie v uvedenom procese dotvárania práva. | ||
| 610 | 2 | 0 | |a právo medzinárodné |
| 610 | 2 | 0 | |a právo európske |
| 610 | 2 | 0 | |a Európske spoločenstvá |
| 610 | 2 | 0 | |a normy právne |
| 610 | 2 | 0 | |a súdy |
| 100 | 1 | |a Ďurechová, Jana | |